00454nam a2200157Ia 450000500170000000800410001704000190005804100120007708200160008910000190010524500650012426000490018930000120023865000360025085000100028620221221102418.0131103s9999 xx 000 0 und d aLoreto College aEnglish a813.52bSTE aSteinbeck,John aTravels with Charleyb in search of America cJohn Steinbeck aNew YorkbBantam Booksc1962 (1965 printing) a275 p.  aAmerican Fiction - 20th Century aLCLIB